Welcome to the Holygrace Academy Library

Please use search bar below to get started

THE CAT IN THE HAT (Record no. 2687)

MARC details
000 -LEADER
fixed length control field 00290nam a22001337a 4500
020 ## - INTERNATIONAL STANDARD BOOK NUMBER
ISBN 978-0-00-778680-0
082 ## - DEWEY DECIMAL CLASSIFICATION NUMBER
Classification number 823
Item number SEU/C
100 ## - MAIN ENTRY--AUTHOR NAME
Personal name DR. SEUSS
245 ## - TITLE STATEMENT
Title THE CAT IN THE HAT
260 ## - PUBLICATION, DISTRIBUTION, ETC. (IMPRINT)
Place of publication USA
Name of publisher HARPER COLLINS
300 ## - PHYSICAL DESCRIPTION
Number of Pages 61
650 ## - SUBJECT ADDED ENTRY--TOPICAL TERM
Topical Term ENGLISH SHORT STORY
Geographic subdivision USA
942 ## - ADDED ENTRY ELEMENTS (KOHA)
Koha item type Books
Holdings
Withdrawn status Lost status Collection code Home library Current library Shelving location Date acquired Source of acquisition Full call number Accession Number Koha item type
    Fiction Main Library Main Library SHELF 3- D- ENGLISH CHILDRENS LITERATURE &MYTHOLOGY 11/05/2010 PURCHASE 823 SEU/C 05049 Books